00302nam a2200109 a 450000500170000000800410001705000180005810000190007624500450009526000460014044000060018620140414131904.0100902s19uu xx 00 eng d aFICbM11 1983 aManes, Stephen aBe a perfect person in just three days!. aNew York :bA Bantam Skylark Book,c1983. a